000 00772nam a2200217 a 4500
005 20210223130608.0
008 080821s1983 mx r 000 0 spa d
035 _aUPN01000159397
049 _aUNE
080 _a372.363 =20 OUD No.124.
100 1 _aOudenhoven, Nico van
245 1 0 _aCommon "Street" games and child development :
_bsuggestions for designers of early childhood educational activities /
_cby Nico van Oudenhoven.
260 _aParís :
_bUNESCO ;
_aNew York :
_bUNICEF,
_c1983.
300 _a11 p.
440 0 _aNotes, comments... ;
_v124
690 _aEducacion preescolar - Desarrollo del niño
690 _aJuegos educativos - Educacion preescolar
710 2 _aUNICEF
_924085
710 2 _aPrograma de Alimentación Mundial
905 _aUNESCO
999 _c131511
_d131511